000 00371nam a2200157Ia 4500
008 221030s9999 xx 000 0 und d
020 _a8123905599
041 _aEnglish
082 _a105.23
100 _aEx
245 0 _aProblems & Solutions Of Engineering Electromagnetics
_cby Ex
260 _bCBS Pub
_aIndia
_c1999
300 _a543
650 _aEMT
942 _cBK
999 _c7511
_d7511